LEADER 01427nam a2200325 u 4500 001 000000005429 003 CaOOAMICUS 005 20070226104748.0 008 940514s1976 it u000 u ita u 020 $aL2200 035 $a10141563 040 $aPUL(R)$bita 100 1 $aPrini, Pietro,$d1915-2008.$0(OLS)http://pul/name/5603 245 13$aIl paradosso di Icaro :$bla dialettica del bisogno e del desiderio /$cPietro Prini. 260 $aRoma :$bA. Armando,$c1976. 300 $a108 p. ;$c22 cm 490 1 $aFilosofia e problemi d'oggi ;$v58 504 $aIncludes bibliographical references. 650 0$aCivilization, Modern$y1950-$2//eng$0(OLS)http://pul/subject/4885 650 0$aTechnology and civilization.$2//eng$0(OLS)http://pul/subject/4886 650 0$aCulture.$2//eng$0(OLS)http://pul/subject/4606 650 0$aEducation$xPhilosophy.$2//eng$0(OLS)http://pul/subject/3485 830 0$aFilosofia e problemi d'oggi ;$v58.$0(OLS)http://pul/title/7949 850 $aPUL 852 $aPUL$W1$xDP1 Fondo Giannini$y60$m1562 C 9$j7600$nBK-PRI$b $qFondi$B7600$CPULBib$Z2$F7600 $H $81 941 1 $a1 961 $aINV: Fondo Giannini 996 $6020$aL2200$9(OLS)http://pul/number/7053 996 $6245$aIl paradosso di Icaro :$bla dialettica del bisogno e del desiderio$9(OLS)http://pul/title/7948 996 $6260$aRoma :$bA. Armando$9(OLS)http://pul/publisher/50895 LEADER 01482nam a2200289 u 4500 001 000000071985 003 CaOOAMICUS 005 20070226122206.0 008 020610s1855 it u000 u ita u 035 $a10932623 040 $aPUL(R)$bita 100 1 $aVentura, Gioacchino,$cC.R.,$d1792-1861.$0(OLS)http://pul/name/20187 245 13$aLa donna cattolica :$bcontinuazione alle Donne nel Vangelo /$c[Gioacchino Ventura]. 260 $aMilano :$bTurati ;$aGenova :$bRossi,$c1855. 300 $a3 v. in 1 ;$c19 cm 490 1 $aOpere complete del rev. P. Gioacchino Ventura 650 4$aDonne cattoliche.$0(OLS)http://pul/subject/14830 830 0$aOpere complete del rev. P. Gioacchino Ventura.$0(OLS)http://pul/title/36080 850 $aPUL 852 $aPUL$W1$xDP1 Antico 800$y27$m573 G 26$j93121$nBK-PRI$b $qStampati Antico$B93121$CPULBib$Z2$F93121 $H $81 852 $aPUL$W1$xDP1 Fondo Cecchetti$y53$m282 F 19-20$j93122$nBK-PRI$b $qFondi$B93122$CPULBib$Z2$F93122 $HPUL5393-5394 $81 852 $aPUL$W1$xDP1 Fondo Cecchetti$y53$m282 F 19-20$j93122$nBK-PRI$b $qFondi$B93123$CPULBib$Z2$F93123 $HPUL5393-5394 $81 941 1 $a15 941 1 $a1 996 $6245$aLa donna cattolica :$bcontinuazione alle Donne nel Vangelo$9(OLS)http://pul/title/94725 996 $6260$aMilano :$bTurati$9(OLS)http://pul/publisher/50905 996 $6260$aGenova :$bRossi$9(OLS)http://pul/publisher/59231